000 00554nam a2200229Ia 4500
003 OSt
005 20221005131502.0
006 a|||||r|||| 00| 0
007 ta
008 221004b |||||||| |||| 00| 0 tam d
024 _a51869
037 _cTextual
040 _aCRL
_cCRL
_btam
041 _2tam
_atam
082 _aU5.58, 31K8
100 _aTaylol Kataleem
_9639673
245 0 _aSoviet russia
260 _c1975
650 _aGEOGRAPHY
942 _hU5.58, 31K8
_cTEXL
_2cc
999 _c1060495
_d1060495